000 00507nam a22001817a 4500
003 BD-ChCU
005 20260405095601.0
008 260405b bg ||||| |||| 00| 0 ben d
040 _cBD-ChCU
082 _a327 THE (5)
100 _aFred A .
_921109
245 _aThe Theory and practice of international relations ./
_cA. Fred .
250 _a5th ed.
260 _aNew Jersey :
_bPrentice - Hill ,
_cC 1979
300 _ax , 389p.
650 0 _aInternational Relations .
_921114
942 _2ddc
_cBK
_n0
999 _c112026
_d112026